[Event "IECG OP.2007.0.00246 email"]
[Site "IECG email"]
[Date "2007.02.13"]
[Round "?"]
[White "Luise, Massimo"]
[Black "Garcia, Manuel"]
[Result "0-1"]
[WhiteElo "2208"]
[BlackElo "800"]
[PlyCount "74"]
[EventDate "2007.02.13"]
[EventType "tourn (corr)"]
[EventRounds "6"]
[SourceTitle "Corr 2008"]
[Source "ChessBase"]
[SourceDate "2008.06.24"]
[SourceVersion "1"]
[SourceVersionDate "2008.06.24"]
[SourceQuality "1"]

1. d4 Nf6 2. c4 g6 3. Nc3 Bg7 4. Nf3 0-0 5. e4 d6 6. h3 Na6 7. Bg5 c6 8. Be2 e5 9. d5 h6 10. Be3 cxd5 11. cxd5 Nh5 12. Qd2 Kh7 13. 0-0 f5 14. exf5 gxf5 15. Qc2 Nf6 16. Bd3 e4 17. Bxa6 exf3 18. Bd3 Kh8 19. Rfe1 fxg2 20. f4 Rg8 21. Bxf5 Nh5 22. Bxc8 Qxc8 23. Kh2 Bf6 24. Qd1 Qf5 25. Qb1 Ng3 26. Qxf5 Nxf5 27. Bf2 Nd4 28. Re3 Nc2 29. Rg1 Nxe3 30. Bxe3 Rae8 31. Bxa7 Bxc3 32. bxc3 Re2 33. a4 Kh7 34. Bb6 Rd2 35. Bd4 Rc2 36. a5 Rg6 37. f5 Rg5 0-1

[Event "IECG QA.2006.0.00078 email"]
[Site "IECG email"]
[Date "2006.11.21"]
[Round "?"]
[White "Garcia, Manuel"]
[Black "Kovacevic, Antun"]
[Result "1/2-1/2"]
[WhiteElo "2095"]
[BlackElo "2074"]
[PlyCount "87"]
[EventDate "2006.11.21"]
[EventType "tourn (corr)"]
[EventRounds "6"]
[SourceTitle "Corr 2011"]
[Source "ChessBase"]
[SourceDate "2010.08.31"]
[SourceVersion "1"]
[SourceVersionDate "2010.08.31"]
[SourceQuality "1"]

1. Nf3 Nf6 2. c4 e6 3. Nc3 d5 4. d4 c6 5. e3 Nbd7 6. Qc2 Bd6 7. b3 0-0 8. Be2 b6 9. 0-0 Bb7 10. Bb2 Qe7 11. Rad1 Rfe8 12. Rfe1 Rac8 13. e4 dxe4 14. Nxe4 Nxe4 15. Qxe4 Bb4 16. Rf1 Nf6 17. Qe3 Red8 18. Bd3 h6 19. Ne5 Bd6 20. f4 c5 21. Be2 cxd4 22. Bxd4 Bb4 23. Bf3 Bxf3 24. Qxf3 Rxd4 25. Rxd4 Bc5 26. Rfd1 Bxd4+ 27. Rxd4 Qa3 28. Rd1 b5 29. Qb7 Rf8 30. Qxb5 Qxa2 31. Qb7 Qc2 32. Qf3 Rb8 33. Rd3 Qb1+ 34. Kf2 a5 35. h3 a4 36. bxa4 Rb2+ 37. Kg3 Qe1+ 38. Kh2 Rb1 39. Rd8+ Kh7 40. Nxf7 Ng4+ 41. hxg4 Qh1+ 42. Kg3 Qe1+ 43. Kh2 Qh1+ 44. Kg3 1/2-1/2